Atlet sukan kelas dunia

Bibliographic Details
Main Author: Ahmad Kamal Alias
Format: Book
Published: Kuala Lumpur : Brainmax Enterprise , 2016
Series:Mencorak gaya hidup cemerlang
Subjects:

MARC

LEADER 00000cam a2200000 7i4500
001 0000069469
005 20170121.0
008 170121
020 |a 9789673820832(SET) 
020 |a 9789673820849 
090 0 0 |a PR   |b MAL 
100 0 |a Ahmad Kamal Alias 
245 1 0 |a Atlet sukan kelas dunia   |c Ahmad Kamal Alias 
260 |a Kuala Lumpur :   |b Brainmax Enterprise ,   |c 2016 
300 |a 48 p :   |b 26cm 
490 0 |a Mencorak gaya hidup cemerlang 
500 |a Children ages 10-12 years old (pink) 
650 0 |a Athletes   |x Juvenile Literature 
650 0 |a Quality of life   |x Juvenile Literature 
999 |a 0001414703   |b Book   |c Children Collection   |e Perbadanan Perpustakaan Awam Johor 
999 |a 0001414704   |b Book   |c Children Collection   |e Perbadanan Perpustakaan Awam Johor 
999 |a 0001414706   |b Book   |c Children Collection   |e Cawangan AEON Kulaijaya 
999 |a 0001415038   |b Book   |c Children Collection   |e Cawangan Taman Sri Lambak 
999 |a 0001415040   |b Book   |c Children Collection   |e Cawangan Segamat 
999 |a 0001415043   |b Book   |c Children Collection   |e Cawangan Kota Tinggi 
999 |a 0001415049   |b Book   |c Children Collection   |e Cawangan Mersing 
999 |a 0001415301   |b Book   |c Children Collection   |e Cawangan Taman Universiti 
999 |a 0001415302   |b Book   |c Adult Collection   |e Cawangan Pontian 
999 |a 0001415303   |b Book   |c Children Collection   |e Cawangan Taman Sri Lambak 
999 |a 0001415304   |b Book   |c Children Collection   |e Cawangan Muar 
999 |a 0001415305   |b Book   |c Children Collection   |e Cawangan Batu Pahat 
999 |a 0001415306   |b Book   |c Children Collection   |e Cawangan Sri Merlong 
999 |a 0001415307   |b Book   |c Children Collection   |e Cawangan Bukit Gambir 
999 |a 0001415308   |b Book   |c Teenagers   |e Cawangan Bandar Tenggara 
999 |a 0001415309   |b Book   |c Children Collection   |e Cawangan Tmn. Ungku Tun Aminah 
999 |a 0001415310   |b Book   |c Children Collection   |e Cawangan Kota Tinggi 
999 |a 0001415311   |b Book   |c Children Collection   |e Cawangan Bandar Penawar 
999 |a 0001415312   |b Book   |c Children Collection   |e Cawangan Segamat 
999 |a 0001415313   |b Book   |c Children Collection   |e Cawangan Mersing 
999 |a 0001415314   |b Book   |c Children Collection   |e Cawangan Tangkak